logo

Bir Sreshtho Munshi Abdur Rouf Library
Jhenaidah Cadet College

1491 : New Revelations of the Americas Before Columbus (Record no. 13668)

MARC details
000 -LEADER
fixed length control field 00649nam a2200229 a 4500
001 - CONTROL NUMBER
JCCL Control Number 13668
003 - CONTROL NUMBER IDENTIFIER
JCCL marc code BD-JhCC
005 - DATE AND TIME OF LATEST TRANSACTION
control field 20240313194427.0
008 - FIXED-LENGTH DATA ELEMENTS--GENERAL INFORMATION
fixed length control field 240313b us a|||| ||a| 000 0 eng d
020 ## - INTERNATIONAL STANDARD BOOK NUMBER
International Standard Book Number 9780307278180
035 ## - SYSTEM CONTROL NUMBER
system control number (BD-JhCC)13668
040 ## - CATALOGING SOURCE
Original cataloging agency BD-JhCC
Modifying agency BD-JhCC
041 ## - LANGUAGE CODE
Language code of Book eng
082 ## - DEWEY DECIMAL CLASSIFICATION NUMBER
Classification number 970.01
Author mark and Year MAN 2006
100 ## - MAIN ENTRY--PERSONAL NAME
Personal name Mann, Charles C.
245 ## - TITLE STATEMENT
Title 1491 : New Revelations of the Americas Before Columbus
Remainder of title Charles C. Mann
260 ## - PUBLICATION, DISTRIBUTION, ETC. (IMPRINT)
Place of publication, distribution, etc New York;
Name of publisher, distributor, etc Knopf, New York;
Date of publication, distribution, etc 2006.
300 ## - PHYSICAL DESCRIPTION
Pagination 784 p. :
Other physical details ill
Dimensions 22 cm.
650 ## - SUBJECT ADDED ENTRY--TOPICAL TERM
Topical term or geographic name as entry element America
Form subdivision America Antiquities
General subdivision Amérique Antiquités
942 ## - ADDED ENTRY ELEMENTS (KOHA)
Source of classification or shelving scheme Dewey Decimal Classification
Koha item type Books
Holdings
Source of classification or shelving scheme Damaged status Not for loan Home library Current library Shelving location Date of accession Cost, normal purchase price Total Checkouts Full call number Barcode Date last seen Copy number Method of acquisition Koha item type Currency
Dewey Decimal Classification     JCC Rouf Library JCC Rouf Library General Stacks   670.00   970.01 MAN 2006 19134 03/13/2024 C-1 Purchase Books BDT

JCC Library | Contacts | JCC Home

Last Update on 23 September 2017
Copyright @ 2017-2020 JCC Rouf Library
Rouf Library, Jhenidah Cadet College (JCC), Bangladesh